PRENOMS FRANCAIS 2000 - Statistiques

Statistiques générales
  • Ce quiz a été pris 42 fois
  • Le résultat moyen est 2 sur 10
Statistiques - réponses
REPONSE % Correct
3 Louis
68%
6 Lucas
41%
5 Enzo
29%
10 Tom
24%
4 Mohamed
21%
8 Nathan
21%
7 Martin
18%
2 Mamadou
6%
1 Jean Baptiste
0%
9 Karim
0%
Aucun quiz correspondant
Distribution des résultats
% des personnes avec chaque résultat
Percentile par nombre de réponses
Votre historique - résultats
Vous n’avez pas pris ce quiz